| Tag |
First Indicator |
Second Indicator |
Subfields |
| LEADER |
00000cas a2200000 i 4500 |
| 001 |
in00004011921 |
| 005 |
20190122120824.0 |
| 006 |
m o d f |
| 007 |
cr ||||||||||| |
| 008 |
180808c20149999dcuar obb f0 0eng c |
| 010 |
|
|
|a 2018231230
|
| 035 |
|
|
|a (OCoLC)on1048008904
|
| 040 |
|
|
|a GPO
|b eng
|e rda
|e pn
|c GPO
|d GPO
|d MvI
|d UtOrBLW
|
| 042 |
|
|
|a pcc
|
| 043 |
|
|
|a n-us---
|
| 049 |
|
|
|a WWW
|
| 074 |
|
|
|a 0484-E-03 (online)
|
| 086 |
0 |
|
|a EP 6.58:B 23/4/
|
| 245 |
0 |
0 |
|a Barge carrier partner ... tool :
|b technical documentation, ... data year /
|c Transportation and Climate Division, Office of Transportation and Air Quality, U.S. Environmental Protection Agency.
|
| 246 |
1 |
|
|a Technical documentation, ... data year
|
| 250 |
|
|
|a United States version.
|
| 264 |
|
1 |
|a [Washington, D.C.] :
|b United States Environmental Protection Agency, Office of Transportation and Air Quality,
|c 2014-
|
| 300 |
|
|
|a 1 online resource (volumes) :
|b illustrations
|
| 310 |
|
|
|a Annual
|
| 336 |
|
|
|a text
|b txt
|2 rdacontent
|
| 337 |
|
|
|a computer
|b c
|2 rdamedia
|
| 338 |
|
|
|a online resource
|b cr
|2 rdacarrier
|
| 362 |
1 |
|
|a Began with 2013.
|
| 504 |
|
|
|a Includes bibliographical references.
|
| 588 |
|
|
|a Description based on 2013; title from PDF title page (EPA, viewed August 8, 2018).
|
| 588 |
|
|
|a Latest issue consulted: 2017 (viewed August 8, 2018).
|
| 610 |
2 |
0 |
|a SmartWay Transport Partnership Program (U.S.)
|v Handbooks, manuals, etc.
|
| 610 |
2 |
7 |
|a SmartWay Transport Partnership Program (U.S.)
|2 fast
|0 (OCoLC)fst01916968
|
| 650 |
|
0 |
|a Barges
|x Environmental aspects
|z United States
|v Handbooks, manuals, etc.
|
| 650 |
|
7 |
|a Barges
|x Environmental aspects.
|2 fast
|0 (OCoLC)fst00827516
|
| 651 |
|
7 |
|a United States.
|2 fast
|0 (OCoLC)fst01204155
|
| 655 |
|
7 |
|a Handbooks and manuals.
|2 fast
|0 (OCoLC)fst01423877
|
| 655 |
|
7 |
|a Ebook.
|2 local
|
| 655 |
|
7 |
|a Handbooks and manuals.
|2 lcgft
|0 http://id.loc.gov/authorities/genreForms/gf2014026109
|
| 710 |
1 |
|
|a United States.
|b Environmental Protection Agency.
|b Transportation and Climate Division,
|e issuing body.
|0 http://id.loc.gov/authorities/names/no2007126474
|
| 856 |
4 |
0 |
|3 Current issue only
|u https://purl.fdlp.gov/GPO/gpo107157
|t 0
|
| 856 |
4 |
0 |
|3 Archived issues
|u https://purl.fdlp.gov/GPO/gpo106997
|t 0
|
| 999 |
f |
f |
|s bbdc9a05-f1ec-3bbd-8185-48794a22c938
|i 74a55fd6-be3c-3a24-a13f-23a8621fd352
|t 0
|
| 952 |
f |
f |
|a Texas A&M University
|b College Station
|c Electronic Resources
|d Available Online
|t 0
|e EP 6.58:B 23/4/
|h Superintendent of Documents classification
|
| 998 |
f |
f |
|a EP 6.58:B 23/4/
|t 0
|l Available Online
|